| 000 | 01065nam a2200289 a 4500 | ||
|---|---|---|---|
| 001 | |||
| 003 | DO-SdBNP | ||
| 005 | 20220518121802.0 | ||
| 008 | 090703s2019 dr ac 000 f spa d | ||
| 020 | _a9789945457551 | ||
| 040 |
_aDO-SdBNP _bspa _cBPMSU |
||
| 082 |
_a863.5 _bO66f 2018 _222 |
||
| 100 | 1 |
_aOrellana, Francisco José _d1820-1891 |
|
| 245 | 1 | 0 |
_aFlor de Oro : _b(Anacaona, reina de Jaragua) / _cFrancisco José Orellana. |
| 260 |
_aSanto Domingo : _bSociedad Dominicana de Bibliófilo, _c2019. |
||
| 300 |
_a326 p. : _bil., retrs. ; _c24 cm. |
||
| 490 | 0 |
_aBibliófilo 2000; _aHistoria, _v36 |
|
| 500 | _aIncluye referencias bibliográficas y notas al pie de las páginas | ||
| 500 | _aEsta es una impresión Fascimilar que reproduce las imperfecciones del original | ||
| 500 | _aIncluye datos biográficos del autor en la contracubierta | ||
| 590 | _aInventariado, 2021/VM | ||
| 650 | 4 | _aNovela historica española | |
| 650 | 4 | _aLiteratura española | |
| 710 | 2 | _aSociedad Dominicana de Bibliófilo, | |
| 910 | _aVMateo V. | ||
| 942 |
_2ddc _cBK |
||
| 999 |
_c13914 _d13914 |
||